000 01011nac a22002651i 4500
003 EG-ScBUE
005 20250702091920.0
008 250630t2004 maua f b 001 0 eng d
020 _a0763733121
020 _a9780763733124
040 _aEG-ScBUE
_beng
_erda
_cEG-ScBUE
_dEG-ScBUE
082 0 4 _a540
_bLUC
_222
100 1 _aLuceigh, Betty A.,
_eauthor.
245 1 0 _aOrganic chemistry and biochemistry :
_bstructure visualization workbook /
_cB. A. Luceigh, Department of Chemistry and Biochemistry, University of California, Los Angeles.
264 1 _aSudbury, Massachusetts :
_bJones and Bartlett Publishers,
_c[2004]
264 4 _cc2004
300 _aiii, 116 pages :
_billustrations (some color) ;
_c28 cm
336 _2rdacontent
_atext
_btxt
337 _aunmediated
_2rdamedia
_bn
338 _avolume
_bnc
_2rdacarrier
504 _aIncludes bibliographical references and index.
650 7 _aOrganic compounds
_xStructure
_xComputer simulation.
_2BUEsh
655 _vReading book
942 _cBB
_2ddc
999 _c2525
_d2525